Finanční a komoditní deriváty v praxi

Gespeichert in:
Bibliographische Detailangaben
1. Verfasser: Jílek, Josef
Format: Buch
Sprache:Tschechisch
Veröffentlicht: Praha GRADA Publishing 2010
Ausgabe:2. uprav. vyd.
Schriftenreihe:Finanční trhy a instituce
Schlagworte:
Tags: Tag hinzufügen
Keine Tags, Fügen Sie das erste Tag hinzu!

MARC

LEADER 00000nam a2200000 4500
001 0160998
005 20240313085803.2
020 |a 978-80-247-3696-9 
041 0 |a cze 
044 |a CZ 
245 1 0 |a Finanční a komoditní deriváty v praxi  |c Josef Jílek 
250 |a 2. uprav. vyd. 
264 1 |a Praha  |b GRADA Publishing  |c 2010 
300 |a 630 s. 
490 1 |a Finanční trhy a instituce 
830 0 |a Finanční trhy a instituce 
610 2 0 |a nástroje finančné 
610 2 0 |a deriváty 
610 2 0 |a komodity 
610 2 0 |a forwardy 
610 2 0 |a futurity 
610 2 0 |a swap 
610 2 0 |a opcie 
610 2 0 |a úver 
610 2 0 |a zaistenie 
610 2 0 |a Česko 
100 1 |a Jílek, Josef